| 000 | 01283nam a2200325 4500 | ||
|---|---|---|---|
| 005 | 20250429224538.0 | ||
| 007 | ta | ||
| 008 | 160627s1999 000 0 eng d | ||
| 020 | _a953312401 | ||
| 040 |
_aCO-CtgCURN _bspa _ccoctgcurn |
||
| 082 | 0 |
_a001.42 _bB83c |
|
| 100 | 1 | _aBuelvas de León, Isis. | |
| 245 | 1 | 0 |
_aConflictos presentes en el proceder del investigador principiante / _cIsis Buelvas de León. |
| 260 |
_aCartagena de Indias : _bEdiciones J.R., _c1999. |
||
| 300 |
_a102 p : _bil. |
||
| 336 | _2rdacontent | ||
| 337 |
_2rdamedia _asin mediacion _bn |
||
| 338 |
_2rdacarrier _avolumen _bnc |
||
| 504 | _aBibliografia (p.102) | ||
| 505 | 8 | _aEpistemología: la primera dificultad.--La comunicación: un inconveniente grave.--El proceso de Investigación científica: tercer inconveniente.--Otros aspectos importantes | |
| 650 | 1 | 4 | _aInvestigación científica. |
| 650 | 1 | 4 | _aInvestigación. |
| 908 | _a160627 | ||
| 942 |
_cBK _h001.42 _iB83c _2ddc |
||
| 999 |
_c8605 _d8605 |
||